Nočná hliadka Nokturno pre dva hlasy za účasti príslušníka Vojsk vnútornej stráže s. Polubolotova

Bibliographic Details
Main Author: Kurajev, Michail (Author)
Other Authors: Piovarcsyová, Eva, 1953- (Translator)
Format: Article
Language:Slovak
PhysicalDescription:Fot. 1.
Subjects:

MARC

LEADER 00000nab a2200000 a 4500
001 vtls000393820
003 SK-MaSNL
005 20260302232227.0
008 111202c1990 xo 0 slo
015 |a SNBRB19rr/mm-uuuuu 
035 |a CL0393944 
040 |a SNKBUCL  |b slo  |c SNKBUCL  |e AACR2 
041 0 |a slo 
044 |a xo  |c SK 
080 |a 882-3  |2 1981 
100 1 |a Kurajev, Michail  |4 aut  |9 964125 
245 1 0 |a Nočná hliadka  |b Nokturno pre dva hlasy za účasti príslušníka Vojsk vnútornej stráže s. Polubolotova  |c Michail Kurajev ; Eva Piovarcsyová 
300 |b Fot. 1. 
500 |a Informácia o autorovi. V časti Próza. 
650 0 7 |a novely psychologické  |2 snkbucl  |9 898706 
650 0 7 |a novely spoločenské  |2 snkbucl  |9 893775 
655 7 |a články z novín a časopisov  |2 snkbucl  |9 267496 
655 7 |a články z odboru literárna veda a krásna literatúra  |2 snkbucl  |9 770045 
700 1 |a Piovarcsyová, Eva,  |d 1953-  |4 trl  |9 86084 
773 0 |t Sovětská literatura  |g Č. 7 (1990), s. 56-100 
850 |a Slovenská národná knižnica v Martine  |a MTA001 
852 |a SNK  |b KIS3GCP 
958 |a RK 
958 |a LX 
958 |a SU 
992 |a RBX 
999 |c 1541985  |d 1543915